000 00637nam a2200193Ia 4500
005 20250507130255.0
008 008 250505s9999 xx 000 0 eng d
037 _aSeries Article
040 _aEASL
_beng
_cEASL
041 _aeng
_2eng
084 _qEASL
100 _aGovinda Radhika
_9670539
245 0 _a'Didi,are you hindu?'Politics of secularism in women's activism in india:case-study of a grassroots women's organization in rural uttar pradesh
260 _aUK
_bCambridge Cambridge University Press UK
_c2013
300 _a612-651
650 _aAsian Studies
942 _cSRA
999 _c1318709
_d1318709